| 000 | 00822nam a22002657a 4500 | ||
|---|---|---|---|
| 999 |
_c34572 _d34572 |
||
| 001 | 3950 | ||
| 003 | CO-MdFUSB | ||
| 005 | 20181006095643.0 | ||
| 008 | 180227s1975 sp ||||| |||| 00| 0 spa d | ||
| 020 | _a84-7057-172-9 | ||
| 040 |
_aCO-MdFUSB _bspa _cCO-MdFUSB _dCO-MdFUSBC _erda |
||
| 041 | 0 |
_aspa _heng |
|
| 082 | 0 | 4 |
_aG 227.02 _223 _bF557t |
| 100 | 1 |
_aFitzmyer, Joseph A. _eautor |
|
| 245 | 1 | 0 |
_aTeología de San Pablo _b : Síntesis y perspectivas _c / Joseph A. Fitzmyer |
| 264 | 4 |
_aHuesca, Madrid, España : _b Cristiandad, _c℗[1975] |
|
| 264 | 4 | _c©1975 | |
| 300 |
_a202 páginas; _c18 cm |
||
| 336 |
_2rdacontent _atexto _btxt |
||
| 337 |
_2rdamedia _asin mediación _bn |
||
| 338 |
_2rdacarrier _avolumen _bnc |
||
| 653 | _aTeología bíblica - Literatura paulina | ||
| 942 | _cBK | ||